00490nam a2200145 i 450000100060000000300090000600500170001500700030003200800410003510000330007624501610010926000300027030000210030085200230032134079ES-MaACL20230906154855.0t|030204s1906 sp ||||1| spa d1 aBlanco y Martínez, Emilio.13aEl presupuesto de la Villa de Madrid b: bases para la reorganización de su Hacienda y mejora de los servicios municipales / cEmilio Blanco y Martínez. aMadrid : b[s.n., c1906] a71 p. ; c23 cm. aES-MaACLjT-1150-F